Every Child can Read (Record no. 255240)
[ view plain ]
| 000 -LEADER | |
|---|---|
| fixed length control field | 00430nam a22001577a 4500 |
| 003 - CONTROL NUMBER IDENTIFIER | |
| control field | OSt |
| 005 - DATE AND TIME OF LATEST TRANSACTION | |
| control field | 20160922135601.0 |
| 008 - FIXED-LENGTH DATA ELEMENTS--GENERAL INFORMATION | |
| fixed length control field | 160922b xxu||||| |||| 00| 0 eng d |
| 020 ## - INTERNATIONAL STANDARD BOOK NUMBER | |
| International Standard Book Number | 059010389X |
| 040 ## - CATALOGING SOURCE | |
| Transcribing agency | NA |
| 050 ## - LIBRARY OF CONGRESS CALL NUMBER | |
| Classification number | LB1050.5 |
| Item number | .B375 1997 |
| 100 ## - MAIN ENTRY--PERSONAL NAME | |
| Personal name | Jane Baskwill |
| 245 ## - TITLE STATEMENT | |
| Title | Every Child can Read |
| Remainder of title | Strategies and Guidelines for Helping Struggling Readers |
| 260 ## - PUBLICATION, DISTRIBUTION, ETC. (IMPRINT) | |
| Place of publication, distribution, etc | New York |
| Name of publisher, distributor, etc | Scholastic |
| Date of publication, distribution, etc | 1997 |
| 942 ## - ADDED ENTRY ELEMENTS (KOHA) | |
| Source of classification or shelving scheme | Library of Congress Classification |
| Koha item type | Long Loan Books |
| Withdrawn status | Lost status | Source of classification or shelving scheme | Damaged status | Not for loan | Collection code | Home library | Current library | Shelving location | Date acquired | Total Checkouts | Full call number | Barcode | Date last seen | Price effective from | Koha item type |
|---|---|---|---|---|---|---|---|---|---|---|---|---|---|---|---|
| Library of Congress Classification | Non-fiction | Rongo University Library | Rongo University Library | General Stacks | 22/09/2016 | LB1050.5 .B375 1997 | 20153291 | 22/09/2016 | 22/09/2016 | Long Loan Books |
